| 000 | 00594cam a2200205ua 4500 | ||
|---|---|---|---|
| 001 | 4320 | ||
| 008 | 111223n ii |||gr||||Z||||||eng | ||
| 020 | _a978-81-8370-126-6 | ||
| 040 | _cMAIN | ||
| 082 | _a305.4 | ||
| 100 | 1 |
_aDutta, Anuradha, _eEditor., |
|
| 245 | 1 | 1 |
_aWomen & peace chapters from northeast india _ced. by Anuradha Dutta |
| 250 | _a1st. | ||
| 260 |
_aNew Delhi: _bAkansha Publishing house, _c2008. |
||
| 300 |
_a235p: _c23cm. |
||
| 653 | _aSocial group of women | ||
| 653 | _aWomen & peace chapters from northeast india | ||
| 700 | 1 |
_aBhuyan, Ratna, _eEditor., |
|
| 942 | _cBK | ||
| 999 |
_c4139 _d4139 |
||